| 000 | 01067cad a22002415a 4500 | ||
|---|---|---|---|
| 001 | L153264 | ||
| 008 | 110703e20110624xxkd f s 000 0 eng d | ||
| 035 | _a(Sirsi) u153264 | ||
| 041 | 0 | _aeng | |
| 050 | 0 | 4 | _a333.33 $2 18 |
| 110 | 2 |
_aRoyal Institution of Chartered Surveyors _bEconomics _95033 |
|
| 245 | 0 | 0 |
_aRICS global real estate weekly _b24 June 2011 _h[electronic resource] |
| 260 |
_aLondon _bRICS _c2011 |
||
| 490 | 0 |
_aRICS Global Real Estate Weekly _v24 June 2011 |
|
| 520 | _aSingapore house prices to show further signs of slowing. Euro area mortgage lending outlook is weakening. Brazilian credit growth in the spotlight. Japanese housing starts holding up following earthquake. | ||
| 590 | _aKA | ||
| 650 | 2 | 4 | _aRICS GLOBAL REAL ESTATE WEEKLY |
| 651 | 4 | _aInternational | |
| 690 | _aBUILT ENVIRONMENT-CONSTRUCTION MARKET | ||
| 690 | _aPROPERTY-RESIDENTIAL PROPERTY-RESIDENTIAL PROPERTY MARKET | ||
| 856 | 4 | 0 |
_uhttps://www.rics.org/site/download_feed.aspx?fileID=9874&fileExtension=PDF _zView the report free of charge at www.rics.org |
| 942 | _n0 | ||
| 999 |
_c112438 _d112438 |
||